Analýza systému vzdelávania učiteľov ekonomických predmetov v Rakúskej republike
Výsledky analýza systému vzdelávania učiteľov odborných ekonomických predmetov v Rakúsku na univerzitách ekonomického smeru. Porovnanie rakúskeho systému so systémom prípravy učiteľov na Katedre pedagogiky NHF EU v Bratislave.
Gespeichert in:
| 1. Verfasser: | |
|---|---|
| Format: | Buchkapitel |
| Sprache: | Slowakisch |
| Schlagworte: | |
| Tags: |
Keine Tags, Fügen Sie das erste Tag hinzu!
|
MARC
| LEADER | 00000nla$a2200000$$$4500 | ||
|---|---|---|---|
| 001 | 0068539 | ||
| 005 | 20240502071829.6 | ||
| 041 | 0 | |a slo | |
| 044 | |a SK | ||
| 245 | 1 | 0 | |a Analýza systému vzdelávania učiteľov ekonomických predmetov v Rakúskej republike |c Ľudmila Velichová |
| 520 | |a Výsledky analýza systému vzdelávania učiteľov odborných ekonomických predmetov v Rakúsku na univerzitách ekonomického smeru. Porovnanie rakúskeho systému so systémom prípravy učiteľov na Katedre pedagogiky NHF EU v Bratislave. | ||
| 610 | 2 | 0 | |a vzdelávanie |
| 610 | 2 | 0 | |a učitelia |
| 610 | 2 | 0 | |a predmety učebné |
| 610 | 2 | 0 | |a ekonómia |
| 610 | 2 | 0 | |a kvalifikácia |
| 610 | 2 | 0 | |a Rakúsko |
| 100 | 1 | |a Velichová, Ľudmila | |